| 000 | 00544nam a2200205Ia 4500 | ||
|---|---|---|---|
| 999 |
_c38929 _d38929 |
||
| 003 | OSt | ||
| 005 | 20210510120128.0 | ||
| 008 | 160316s1964 xxu||||| |||| 00| 0 eng d | ||
| 020 | _a9780722090152 | ||
| 040 | _cn | ||
| 082 |
_a260.810000 _bRAH |
||
| 100 | _aRahner Karl | ||
| 245 | _aTheology for renewal : Bishops, priests, laity | ||
| 260 |
_aNew York _bsheed & Ward _c1964 |
||
| 300 | _a183p | ||
| 365 | _b Gratis | ||
| 650 | _a1. Catholic Church - Theology - Doctrinal 2. Pastoral Theology Laity | ||
| 700 |
_a _a |
||
| 942 |
_2ddc _cBK |
||